000 01068nam a22002897a 4500
003 DO-SdBNP
005 20240703100409.0
008 171108b2006 cl || 00| 0 spa d
020 _a0789913488
040 _aBPMSU
_bspa
_cBPMSU
082 4 _a306.85
_bS787a 2006
_222
100 1 _aStanley, Andy
245 1 0 _a¿A quien le hare trampas? /
_cAndy Stanley ; Traducido al español por: Andrés carrodeguas ; prólogo John Maxwell
_b
246 1 4 _a¿A quién le hare trampas? :
_b quién gana cuando la familia y el trabajo se enfrentan
260 _aColombia :
_b Editorial Unilit,
_c2003.
300 _a146 p. ;
_c21 cm.
490 0 _aFranklinCovey
534 _pTítulo original. :
_tLife matters. Creating a dynamic balance of work, family, time, and money.
590 _aInventariado, 2024/VM
650 4 _aTrabajo y familia.
650 4 _aPsicología aplicada
650 4 _aUso del tiempo
700 1 _acarrodeguas, Andrés ;
_dtraductor
700 1 _aMaxwell, John
_eprólogo
910 _aVMateo V. Control de calidad. BPMSU
942 _2ddc
_cBK
999 _c14711
_d14711